The crying game Το παιχνίδι των λυγμών
Ένα μέλος του ΙΡΑ παίρνει μέρος στην απαγωγή και τη δολοφονία ενός άγγλου στρατιώτη και στη συνέχεια ερωτεύεται την παράξενη ερωμένη του νεκρού.
Αποθηκεύτηκε σε:
| Άλλοι συγγραφείς: | , , , |
|---|---|
| Μορφή: | |
| Γλώσσα: | English |
| Δημοσίευση: |
Αθήνα :
Prooptiki [Εταιρεία διανομής],
[1992]
|
| Θέματα: | |
| Ετικέτες: |
Προσθήκη ετικέτας
Δεν υπάρχουν, Καταχωρήστε ετικέτα πρώτοι!
|
MARC
| LEADER | 00000cgm a2200000 i 4500 | ||
|---|---|---|---|
| 001 | 1/1843 | ||
| 008 | 091002s1992 gr ||| | || ||eng|| | ||
| 035 | |l 10105754 | ||
| 040 | |a GR-MyUa |b gre |e AACR2 | ||
| 041 | 0 | |a eng |j eng | |
| 082 | 7 | |a 791.437 |2 (22) | |
| 245 | 0 | 4 | |a The crying game |h [μαγνητοσκόπηση] = |b Το παιχνίδι των λυγμών / |c written and directed by Neil Jordan. |
| 246 | 1 | |i Παράλληλος τίτλος: |a Το παιχνίδι των λυγμών | |
| 260 | |a Αθήνα : |b Prooptiki [Εταιρεία διανομής], |c [1992] | ||
| 300 | |a 1 βιντεοδίσκος (107 λεπτ.) : |b ομίλ., έγχρ. ; |c 4 3/4 ίν. | ||
| 500 | |a Κυκλοφόρησε πρώτη φορά ως κινηματογραφική ταινία το 1992. | ||
| 508 | |a Μουσική, Anne Dudley ; σχεδιασμός παραγωγής, Jim Clay ; μοντάζ, Kant Pan ; φωτογραφία, Ian Wilson ; εκτέλεση παραγωγής, Nik Powell ; παραγωγή, Stephen Woolley. | ||
| 511 | 0 | |a Stephen Rea, Miranda Richardson, Jaye Davidson, Forest Whitaker. | |
| 520 | 8 | |a Ένα μέλος του ΙΡΑ παίρνει μέρος στην απαγωγή και τη δολοφονία ενός άγγλου στρατιώτη και στη συνέχεια ερωτεύεται την παράξενη ερωμένη του νεκρού. | |
| 546 | |a Στα αγγλικά με υπότιτλος στα ελληνικά. | ||
| 586 | 8 | |a Βραβείο Όσκαρ πρωτότυπου σεναρίου | |
| 610 | 2 | 0 | |a Irish Republican Army |v Drama. |
| 655 | 7 | |a Feature films |2 lcgft | |
| 700 | 1 | |a Jordan, Neil, |d 1950- |e aus |e drt | |
| 700 | 1 | |a Rea, Stephen, |e act | |
| 700 | 1 | |a Whitaker, Forest, |e act | |
| 700 | 1 | |a Richardson, Miranda, |e act | |
| 852 | |a INST |b SYROS |c AV |e 20091002 |h 791.437 JOR |p 005500008188 |q 005500008188 |t DVD |y 23 | ||
| 901 | |a BIBL5-2008-1 | ||
| 922 | |a 5ΕΛΗ |b 200709 |c Βιβλιοθήκη Σύρου |d Anaco | ||
| 970 | |a Κοντού |b Παρασκευή |z 02/10/2009 | ||